000
00209 a2200097 4500
001
57546
100
_a
245
_a
Misal Kay Tore Par
260
_a
Lahore
_b
Sange Meil
_c
1994
090
_c
35276
_d
35276
942
_a
NUST-CAE
_c
MONOGRAPH
_c
28087
999
_c
292619
_d
292619